Lab-on-chips for cellomics : (Record no. 28211)

MARC details
000 -LEADER
fixed length control field 02432cam a22004695i 4500
001 - CONTROL NUMBER
control field 14051269
003 - CONTROL NUMBER IDENTIFIER
control field EG-ScBUE
005 - DATE AND TIME OF LATEST TRANSACTION
control field 20200304100023.0
008 - FIXED-LENGTH DATA ELEMENTS--GENERAL INFORMATION
fixed length control field 100301r20062004ii a f 001 0 eng d
020 ## - INTERNATIONAL STANDARD BOOK NUMBER
International Standard Book Number 818128481X
035 ## - SYSTEM CONTROL NUMBER
System control number 14051269
040 ## - CATALOGING SOURCE
Original cataloging agency EG-ScBUE
Language of cataloging eng
Description conventions rda
Transcribing agency EG-ScBUE
Modifying agency EG-ScBUE
082 04 - DEWEY DECIMAL CLASSIFICATION NUMBER
Classification number 571.6028
Item number LAB
Edition number 22
245 00 - TITLE STATEMENT
Title Lab-on-chips for cellomics :
Remainder of title micro and nanotechnologies for life science /
Statement of responsibility, etc edited by Helene Andersson, Royal Institute of Technology, Microsystem Technology, Stockholm, Sweden, Albert van den Berg, University of Twente, Enschede, the Netherlands.
250 ## - EDITION STATEMENT
Edition statement First Indian reprint.
250 ## - EDITION STATEMENT
Edition statement Springer international edition.
264 #1 - PUBLICATION, DISTRIBUTION, ETC. (IMPRINT)
Place of publication, distribution, etc New Delhi, India :
Name of publisher, distributor, etc Springer,
Date of publication, distribution, etc 2006.
300 ## - PHYSICAL DESCRIPTION
Extent xv, 363 pages :
Other physical details illustrations ;
Dimensions 24 cm
336 ## - CONTENT TYPE
Content type term text
Content type code txt
Source rdacontent
337 ## - MEDIA TYPE
Media type term computer
Media type code c
Source rdamedia
338 ## - CARRIER TYPE
Carrier type term online resource
Carrier type code cr
Source rdacarrier
347 ## - DIGITAL FILE CHARACTERISTICS
File type text file
Encoding format PDF
Source rda
500 ## - GENERAL NOTE
General note Includes index.
520 ## - SUMMARY, ETC.
Summary, etc The convergence of life sciences and micro/nanotechnologies is one of the fastest growing modern R and D areas with an enormous potential societal impact. Microfluidics or Lab-on-Chip (LOC) devices, also dubbed BioMEMS, are a fascinating example of this combination of two scientific areas. This book, which is the first volume entirely dedicated to microfabricated cell-based systems, will provide readers with a quick introduction to the field as well as with a variety of specific examples of such Lab-on-Chip systems for cellomics applications. It will give investigators inspiration for innovative research topics, whereas end users will be surprised about the wide variety of new and exciting applications.
590 ## - LOCAL NOTE (RLIN)
Local note Access is available to the Yale community.
650 #7 - SUBJECT ADDED ENTRY--TOPICAL TERM
Topical term or geographic name as entry element Cytology
General subdivision Technique.
Source of heading or term BUEsh
650 #7 - SUBJECT ADDED ENTRY--TOPICAL TERM
Topical term or geographic name as entry element Artificial cells.
Source of heading or term BUEsh
650 #7 - SUBJECT ADDED ENTRY--TOPICAL TERM
Topical term or geographic name as entry element Cell culture.
Source of heading or term BUEsh
9 (RLIN) 37054
653 ## - INDEX TERM--UNCONTROLLED
Resource For college Generalities
Arrived date list March2020
655 ## - INDEX TERM--GENRE/FORM
Form subdivision Reading book
9 (RLIN) 34232
700 1# - ADDED ENTRY--PERSONAL NAME
Personal name Andersson-Svahn, Helene,
Relator term editor.
9 (RLIN) 6353
700 1# - ADDED ENTRY--PERSONAL NAME
Personal name Berg, A. J. van den,
Relator term editor.
730 0# - ADDED ENTRY--UNIFORM TITLE
Uniform title Springer ENIN.
773 0# - HOST ITEM ENTRY
Title Springer eBooks
776 08 - ADDITIONAL PHYSICAL FORM ENTRY
Display text Printed edition:
International Standard Book Number 9789048101269
776 08 - ADDITIONAL PHYSICAL FORM ENTRY
Display text Printed edition:
International Standard Book Number 9781402065620
776 08 - ADDITIONAL PHYSICAL FORM ENTRY
Display text Printed edition:
International Standard Book Number 9781402028601
856 40 - ELECTRONIC LOCATION AND ACCESS
Link text Online book
Uniform Resource Identifier <a href="https://doi.org/10.1007/978-1-4020-2975-2">https://doi.org/10.1007/978-1-4020-2975-2</a>
942 ## - ADDED ENTRY ELEMENTS (KOHA)
Source of classification or shelving scheme Dewey Decimal Classification
Koha item type Book - Borrowing
946 ## - LOCAL PROCESSING INFORMATION (OCLC)
a DO NOT EDIT. DO NOT EXPORT.
Holdings
Withdrawn status Lost status Source of classification or shelving scheme Damaged status Not for loan Collection code Home library Current library Shelving location Date acquired Source of acquisition Total Checkouts Full call number Barcode Date last seen Price effective from Koha item type
    Dewey Decimal Classification     Baccah Central Library Central Library First floor 04/03/2020 Purchase   571.6028 LAB 000048816 15/07/2025 04/03/2020 Book - Borrowing